000 01320nam a22003617a 4500
003 CHAP
005 20220329133237.0
008 971013s1983 r 00010 d
010 _a3837
011 _a4809
035 _a4013
040 _cCHAP
082 _a317.2 M4
_bTamps.
110 _aMéxico. Coordinación General de los Servicios Nacionales de Estadística, Geografía e Informática
_976893
245 _aManual de estadísticas básicas del estado de Tamaulipas
260 _aMéxico, D. F. :
_bLa Coordinación,
_c1983
300 _a2 v.
500 _ac.c. Anuario estadístico de Tamaulipas
500 _aD51-164
590 _aBATCH-UPD
_b10
_c20130110
_lUCH01
_h0138
590 _aBATCH-UPD
_b10
_c20130110
_lUCH01
_h1829
590 _aBATCH-UPD
_b10
_c20130409
_lUCH01
_h2135
590 _aBATCH-UPD
_b10
_c20130410
_lUCH01
_h1201
590 _aBATCH-UPD
_b10
_c20130913
_lUCH01
_h2042
590 _aCONVERSION
_b10
_c20130109
_lUCH01
_h1303
650 1 4 _aAgricultura
_xEstadísticas
_zTamaulipas.
_91469
650 1 4 _aGanadería
_xEstadísticas
_zTamaulipas.
_944728
650 1 4 _aTamaulipas
_xEstadísticas.
_9111529
901 _aBK
942 _cLIBRO
949 _a317.2 M4 Tamps.
_bBC
_cC
_d33724000280442
_eC
_fv.2
_h61537
_i4013
_si
949 _a317.2 M4 Tamps.
_bBC
_cC
_d33724000464301
_eC
_fv.1
_h61536
_i4013
_si
999 _c3837
_d3837